00897 a2200169 45000010006000000050017000060080041000230030015000640400040000790800059001192450071001782640035002493000019002845050383003030410008006861000033006946168220260407155907.0260407a1978 arg spa dAR-UNSa-BCEJYS aAR-UNSa-BCEJYSbspacAR-UNSa-BCEJYS a347.74xContratos mercantiles (comerciales...leasing))10aLeasingpAspectos jurídicos, contables, impositivos y operativos 1aBuenos Aires :bCangalloc1978 a349 p.c23 cm. a1. Nociones introductorias – 2. Análisis de la institución – 3. Nuestro ordenamiento legal – 4. Preliminares de la operación – 5. Iniciación y terminación de la operación – 6. Consideraciones jurídicas – 7. Régimen de la contabilización – 8. Tratamiento impositivo – 9. Modelos de contratos y papeles de trabajo – 10. Legislación comparada. aspa1 aBarreira Delfino, Eduardo A.